[Event "Fexerj-ch Magistral 10th"]
[Site "Rio de Janeiro"]
[Date "1996.??.??"]
[Round "3"]
[White "Dias, Sergio S"]
[Black "Peixoto, Wagner"]
[Result "0-1"]
[WhiteElo "2000"]
[BlackElo "2280"]
[PlyCount "54"]
[EventDate "1996.??.??"]
[EventType "swiss"]
[EventRounds "7"]
[EventCountry "BRA"]
[SourceTitle "EXT 2005"]
[Source "ChessBase"]
[SourceDate "2004.11.15"]
[SourceVersion "1"]
[SourceVersionDate "2004.11.15"]
[SourceQuality "1"]

1. d4 Nf6 2. c4 g6 3. Nc3 Bg7 4. e4 d6 5. Nf3 0-0 6. Be2 e5 7. 0-0 exd4 8. Nxd4 Re8 9. f3 c6 10. Nb3 a5 11. a4 Nh5 12. g4 Nf6 13. Rf2 Qe7 14. Bg5 Nbd7 15. h3 Qf8 16. Qd2 Nc5 17. Nxc5 dxc5 18. Rd1 Nd7 19. Be3 Qe7 20. Bf1 Nf8 21. Re2 Ne6 22. Bg2 Nd4 23. Ree1 Be6 24. Ne2 Bxc4 25. Nxd4 cxd4 26. Bxd4 Rad8 27. Qc3 Rxd4 0-1